000 01512cam a22004097a 4500
003 CHAP
005 20220817043418.0
008 971208d1995 es a r 00110 spa d
010 _a74717
011 _a75689
035 _a85257
040 _cCHAP
090 _aFolleto 14957
100 0 0 _aGosálvez Lara, Luis Fernando.
_950068
245 1 3 _aLa transferencia embrionaria en el ganado vacuno
_c/por Luis Fernando Gosálvez Lara y A. Vidal Luis
260 _aMadrid :
_bMinisterio de Agricultura Pesca y Alimentación,
_c1995.
300 _a28 p. :
_bilus.
410 2 1 _aMinisterio de Agricultura Pesca y Alimentación
490 0 _aHojas divulgadoras
_v; 2/94 HD
590 _aBATCH-UPD
_b10
_c20130110
_lUCH01
_h0415
590 _aBATCH-UPD
_b10
_c20130110
_lUCH01
_h2041
590 _aBATCH-UPD
_b10
_c20130410
_lUCH01
_h0050
590 _aBATCH-UPD
_b10
_c20130410
_lUCH01
_h1522
590 _aBATCH-UPD
_b10
_c20130914
_lUCH01
_h1259
590 _aCONVERSION
_b10
_c20130109
_lUCH01
_h1341
650 1 4 _aEmbriología
_xGanado vacuno.
_936490
650 1 4 _aEmbriones
_xTransferencia.
_936493
650 1 4 _aGanado vacuno
_xAnatomía y fisiología.
_945433
700 0 _aVidal Luis, A.
_9119234
810 0 0 _aMinisterio de Agricultura Pesca y Alimentación
_975959
830 0 _aHojas divulgadoras
_v; 2/94 HD
901 _aBK
905 _aAlejandra Carrasco M.
942 _cFOLL
949 _aFolleto 14957
_bBC
_cFOLL
_d852571
_eTS1
_i85257
_sb
949 _aFolleto 14957
_bBC
_cFOLL
_d852572
_eTS2
_fc.2
_i85257
_si
999 _c74717
_d74717